Determinanty rastu a konkurencieschopnosti rodinného podnikania na Slovensku habilitačná prednáška

Enregistré dans:
Détails bibliographiques
Auteur principal: Naďová Krošláková, Monika, 1975-
Collectivité auteur: Ekonomická univerzita v Bratislave. Obchodná fakulta
Format: Livre
Langue:slovaque
Publié: Bratislava Vydavateľstvo EKONÓM 2020
Édition:1. vydanie
Collection:Habilitačné a inauguračné prednášky
Sujets:
Tags: Ajouter un tag
Pas de tags, Soyez le premier à ajouter un tag!

MARC

LEADER 00000nam a2200000 4500
001 0268284
005 20240306141948.2
020 |a 978-80-225-4718-5 
041 0 |a slo 
044 |a SK 
245 1 0 |a Determinanty rastu a konkurencieschopnosti rodinného podnikania na Slovensku  |b habilitačná prednáška  |c Monika Naďová Krošláková 
250 |a 1. vydanie 
264 1 |a Bratislava  |b Vydavateľstvo EKONÓM  |c 2020 
300 |a 80 s. 
490 1 |a Habilitačné a inauguračné prednášky 
830 0 |a Habilitačné a inauguračné prednášky 
610 2 0 |a podnikanie rodinné 
610 2 0 |a rast podniku 
610 2 0 |a konkurencieschopnosť 
610 2 0 |a prostredie podnikateľské 
610 2 0 |a výskum 
610 2 0 |a Slovensko 
100 1 |a Naďová Krošláková, Monika, 1975- 
710 2 |a Ekonomická univerzita v Bratislave. Obchodná fakulta